[Event "49th ch-IND NatA"]
[Site "Aurangabad IND"]
[Date "2011.10.21"]
[Round "13"]
[White "Arun Prasad,S"]
[Black "Venkatesh,M"]
[Result "0-1"]
[WhiteElo "2522"]
[BlackElo "2479"]

1.d4 Nf6 2.c4 e6 3.g3 c5 4.d5 exd5 5.cxd5 b5 6.Nf3 Bb7 7.e4 Nxe4 8.Bg2 Be7
9.O-O O-O 10.Re1 Nd6 11.Bf4 Re8 12.Nc3 b4 13.Na4 Na6 14.Rc1 Rc8 15.Nd2 Bf8
16.Bxd6 Rxe1+ 17.Qxe1 Bxd6 18.Nc4 Qf6 19.Qe2 Bf8 20.Rd1 Nc7 21.Qg4 d6 22.Na5 Ba6
23.Bf1 Re8 24.Bxa6 Nxa6 25.Nc6 Nc7 26.Kg2 g6 27.Rd3 Qg7 28.Nxc5 dxc5 29.d6 Bxd6
30.Rxd6 Qxb2 31.Rd7 Ne6 32.Qf3 Ng5 33.Qf4 Qe2 34.Rxa7 Qe6 35.Qxg5 Qxc6+ 36.Kh3 c4
37.Qf4 Qe6+ 38.Kg2 c3 39.Rc7 Rc8 40.h4 c2 41.Kh2 h5  0-1

[Event "TCh-SUI 2011"]
[Site "Lausanne SUI"]
[Date "2011.10.23"]
[Round "9.8"]
[White "Gantner,M"]
[Black "Vuilleumier,A"]
[Result "1/2-1/2"]
[WhiteElo "2284"]
[BlackElo "2364"]

1.d4 Nf6 2.c4 e6 3.g3 c5 4.d5 exd5 5.cxd5 d6 6.Nc3 g6 7.Bg2 Bg7 8.Nf3 O-O
9.O-O Re8 10.Nd2 a6 11.a4 Nbd7 12.h3 Rb8 13.Nc4 Ne5 14.Na3 Nh5 15.e4 f5 16.exf5 Bxf5
17.g4 Bxg4 18.hxg4 Qh4 19.gxh5 Rf8 20.h6 Bh8 21.Nc4 Ng4 22.Qxg4 Qxg4 23.Ne4 Rf3
24.Be3 Rbf8 25.Ncxd6 Be5 26.Bxc5 b6 27.Nc4 Qxe4 28.Nxe5 Qxe5 29.Bxf8 Rxf8
30.Rad1 Qf4 31.b3 Rf5 32.d6 Rg5 33.d7 Rxg2+  1/2-1/2

[Event "19th Skopje Open"]
[Site "Skopje MKD"]
[Date "2011.10.26"]
[Round "3"]
[White "Djordjevski,J"]
[Black "Tairi,K"]
[Result "1/2-1/2"]
[WhiteElo "2002"]
[BlackElo "1764"]

1.d4 Nf6 2.c4 e6 3.g3 c5 4.d5 exd5 5.cxd5 b5 6.Bg2 d6 7.Nh3 g6 8.O-O Bg7
9.e4 Nbd7 10.Re1 O-O 11.f3 Re8 12.Nf2 a5 13.a4 b4 14.Be3 Ba6 15.Nd2 Rc8 16.Rc1 Nb6
17.b3 Nfd7 18.Bh3 Rc7 19.Bf1 Qc8 20.Bxa6 Qxa6 21.Qe2 Qxe2 22.Rxe2 Rec8 23.Bf4 Ne5
24.Be3 Ned7 25.Bf4 Ne5 26.Bxe5 Bxe5 27.Nc4 Nxc4 28.Rxc4 Bd4 29.Kg2 Bxf2 30.Kxf2 f6
31.f4 Re7 32.Kf3 Kf7 33.h4 h6 34.Re1 Ree8 35.g4 Re7 36.Re2 Ree8 37.Rh2 Re7
38.Re2 Ree8 39.Rh2 Re7  1/2-1/2

[Event "6th Kavalier Open"]
[Site "Vienna AUT"]
[Date "2011.10.28"]
[Round "5"]
[White "Lytvynets,Dmytro"]
[Black "Somasundram,J"]
[Result "1-0"]
[WhiteElo "2123"]
[BlackElo "1959"]

1.d4 Nf6 2.c4 e6 3.g3 c5 4.e3 d5 5.Bg2 Nc6 6.Nf3 cxd4 7.exd4 Bb4+ 8.Bd2 Bxd2+
9.Nbxd2 Qb6 10.cxd5 exd5 11.Qe2+ Be6 12.Nb3 O-O 13.O-O Bg4 14.Qd2 Ne4 15.Qf4 Bxf3
16.Bxf3 Nxd4 17.Nxd4 Qxd4 18.Rad1 Qxb2 19.Rxd5 Nf6 20.Rd2 Qb5 21.Qd4 Qa5
22.Rfd1 Rab8 23.Qf4 h6 24.h4 b6 25.g4 Rbe8 26.g5 hxg5 27.hxg5 Nh7 28.Bd5 g6
29.Rd3 Re1+ 30.Kg2 Rxd1 31.Rxd1 Qc5 32.Qe4 Kg7 33.f4 f6 34.Bb3 Qc7 35.Qe6 Kh8
36.Rd7 Qc8 37.Qe7 Qc6+ 38.Bd5 Qc2+ 39.Kg3 Qd3+ 40.Bf3 Qxd7 41.Qxd7 fxg5 42.Qd4+  1-0

[Event "World Youth U16 Ol"]
[Site "Kocaeli TUR"]
[Date "2011.10.30"]
[Round "9.5"]
[White "Balacek,T"]
[Black "Rindlisbacher,L"]
[Result "1/2-1/2"]
[WhiteElo "2245"]
[BlackElo "2217"]

1.d4 Nf6 2.c4 e6 3.g3 c5 4.Nf3 cxd4 5.Nxd4 d5 6.Bg2 e5 7.Nf3 d4 8.O-O Nc6
9.e3 d3 10.Nc3 Bb4 11.Qb3 Bxc3 12.Qxc3 Ne4 13.Qa3 Bg4 14.Nd2 Nxd2 15.Bxd2 Qd7
16.Qc5  1/2-1/2

[Event "19th Skopje Open"]
[Site "Skopje MKD"]
[Date "2011.11.01"]
[Round "9"]
[White "Markus,Rob"]
[Black "Nikolov,Mo"]
[Result "1/2-1/2"]
[WhiteElo "2635"]
[BlackElo "2578"]

1.d4 Nf6 2.c4 e6 3.g3 c5 4.Nf3 cxd4 5.Nxd4 Qc7 6.Nd2 b6 7.Bg2 Bb7 8.Nb5 Qc8
9.e4 a6 10.Nc3 d6  1/2-1/2

[Event "5th Mediterranean Open"]
[Site "Rijeka CRO"]
[Date "2011.11.13"]
[Round "2.11"]
[White "Tratar,M"]
[Black "Berke,A"]
[Result "1-0"]
[WhiteElo "2495"]
[BlackElo "2190"]

1.d4 Nf6 2.c4 e6 3.g3 c5 4.Nf3 cxd4 5.Nxd4 d5 6.Bg2 e5 7.Nf3 d4 8.O-O Nc6
9.e3 Be7 10.exd4 exd4 11.Bf4 O-O 12.Ne5 Qb6 13.Qb3 Na5 14.Qxb6 axb6 15.Nd2 Nh5
16.Nb3 Nxf4 17.gxf4 Nxb3 18.axb3 Rxa1 19.Rxa1 Rd8 20.Bd5 Kf8 21.Rd1 f6 22.Nf3 Bg4
23.Kg2 Bc5 24.Rd2 Bxf3+ 25.Kxf3 b5 26.Bxb7 bxc4 27.bxc4 Rb8 28.Be4 Rb3+ 29.Kg2 g6
30.f5 g5 31.Bf3 Rb4 32.Be2 h5 33.h3 Kg7 34.Kf3 Rb3+ 35.Kg2 Rb4 36.Kf3 Rb3+
37.Ke4 Rxh3 38.Kd5 d3 39.Bf1 Bb4 40.Rxd3 Rxd3+ 41.Bxd3 Kf7 42.f3 Ke7 43.c5 Bd2
44.Kc6 Bb4 45.Kb6 h4 46.Bf1 h3 47.Bxh3 Kd8 48.Bf1 Kc8 49.Bb5 Bd2 50.Kc6 Bf4
51.Ba6+ Kb8 52.Bc4 Kc8 53.Be6+ Kb8 54.b4 Bd2 55.b5 Be3 56.b6 Bd4 57.Kb5  1-0

[Event "Vizag GM Open"]
[Site "Visakhapatnam IND"]
[Date "2011.11.25"]
[Round "3"]
[White "Gleizerov,E"]
[Black "Priyadharshan,K"]
[Result "1-0"]
[WhiteElo "2566"]
[BlackElo "2385"]

1.d4 Nf6 2.c4 e6 3.g3 c5 4.d5 exd5 5.cxd5 d6 6.Nc3 g6 7.Nf3 Bg7 8.Bg2 O-O
9.O-O Re8 10.Bf4 Na6 11.Re1 Bg4 12.Nd2 Nh5 13.Be3 Qd7 14.a4 Bh3 15.Nc4 Bxg2
16.Kxg2 Nb4 17.f3 f5 18.Bc1 Rad8 19.Bg5 Bf6 20.Bxf6 Nxf6 21.Qd2 a6 22.a5 Re7
23.Rad1 Rf8 24.e3 Qc7 25.Re2 Nd7 26.e4 b5 27.axb6 Nxb6 28.Nxb6 Qxb6 29.exf5 Rxe2+
30.Qxe2 gxf5 31.Re1 Qd8 32.Qd2 Re8 33.Rxe8+ Qxe8 34.Qg5+ Qg6 35.Qd8+ Kg7
36.Qd7+ Kg8 37.Qe7 Qh6 38.Qe8+ Qf8 39.Qe6+ Kg7 40.Ne2 Qf6 41.Qd7+ Kh6 42.Nf4 Qxb2+
43.Kh3 Qf6 44.Qe8 Qg5 45.Qf8+  1-0

[Event "61st ch-GRE 2011"]
[Site "Chania GRE"]
[Date "2011.11.30"]
[Round "4"]
[White "Mastrovasilis,A"]
[Black "Kourkounakis,I"]
[Result "0-1"]
[WhiteElo "2530"]
[BlackElo "2381"]

1.d4 Nf6 2.c4 e6 3.g3 c5 4.Nf3 d5 5.Bg2 Nc6 6.O-O dxc4 7.Qa4 cxd4 8.Nxd4 Qxd4
9.Bxc6+ Bd7 10.Rd1 Qxd1+ 11.Qxd1 Bxc6 12.Nd2 b5 13.a4 a6 14.Qc2 Rc8 15.b3 cxb3
16.Nxb3 Bd7 17.Qd3 bxa4 18.Nd4 Bc5 19.Ba3 O-O 20.Bxc5 Rxc5 21.Qxa6 Rfc8 22.Kg2 e5
23.Nf3 h6 24.Ra2 Bb5 25.Qb7 Re8 26.Qb6 Rd5 27.Rc2 Bd7 28.Qa7 Rd8 29.Rc7 e4
30.Ne1 Rd2 31.Qa5 Be8 32.Rc2 Rd1 33.h3 Rb8 34.e3 Rbb1 35.Rc8 Rxe1  0-1

[Event "2nd JAHV McGregor Open"]
[Site "Bogota COL"]
[Date "2011.12.07"]
[Round "4"]
[White "Villegas,J"]
[Black "Rios,Al"]
[Result "0-1"]
[WhiteElo "2073"]
[BlackElo "2355"]

1.d4 Nf6 2.c4 e6 3.g3 c5 4.Nf3 b6 5.d5 Ba6 6.Qc2 exd5 7.cxd5 Bd6 8.Bg2 O-O
9.O-O Re8 10.Nc3 b5 11.Bg5 h6 12.Bh4 Be7 13.d6 Bxd6 14.Rad1 Be7 15.Ne1 b4
16.Na4 g5 17.Bxa8 gxh4 18.Bf3 Qa5 19.b3 Rc8 20.Nb2 Qxa2 21.Nc4 Qxc2 22.Nxc2 Bxc4
23.bxc4 a5 24.Ra1 Bd8  0-1

[Event "TCh-CZE Liga1 Vychod"]
[Site "Czech Rep CZE"]
[Date "2011.12.11"]
[Round "5"]
[White "Jaworski,Mi"]
[Black "Pacher,M"]
[Result "1/2-1/2"]
[WhiteElo "2320"]
[BlackElo "2403"]

1.d4 Nf6 2.c4 e6 3.g3 c5 4.d5 exd5 5.cxd5 b5 6.Bg2 d6 7.e4 Nbd7 8.Ne2 g6
9.O-O Bg7 10.Re1 O-O 11.Qc2 Re8 12.Nd2 Nb6 13.Rb1 a5 14.b3 Ba6 15.Bb2 b4
16.Nf4 Ng4 17.Bxg7 Kxg7 18.Bf1 Qf6 19.Bxa6 Rxa6 20.Nd3 a4 21.h3 Ne5 22.f4 Nxd3
23.Qxd3 Qc3 24.Qxa6 Qxg3+ 25.Kh1 Qxh3+ 26.Kg1 Qg3+ 27.Kh1 Qh3+ 28.Kg1 Qg3+
29.Kh1 Qh3+  1/2-1/2

[Event "FIDE Women's World Teams"]
[Site "Mardin TUR"]
[Date "2011.12.26"]
[Round "8"]
[White "Koneru,H"]
[Black "Dzagnidze,N"]
[Result "1/2-1/2"]
[WhiteElo "2600"]
[BlackElo "2516"]

1.d4 Nf6 2.c4 e6 3.g3 c5 4.d5 exd5 5.cxd5 b5 6.e4 Nxe4 7.Bg2 Nd6 8.Nf3 Be7
9.O-O O-O 10.Bf4 Nc4 11.Nc3 d6 12.Nxb5 a6 13.Nc3 Bf5 14.Re1 Bf6 15.Qe2 Na3
16.Rac1 Nb5 17.Nd2 Nd4 18.Qd1 g5 19.Be3 Nd7 20.Nde4 Ne5 21.Nxf6+ Qxf6 22.Bxd4 cxd4
23.Ne4 Bxe4 24.Rxe4 d3 25.f4 Ng6 26.Qxd3 Qxb2 27.Rb1 Qxa2 28.Re2 Qa4 29.fxg5 Rab8
30.Rf1 Rb3 31.Qd2 Qb5 32.Ref2 a5 33.Be4 Qb4 34.Qxb4 Rxb4 35.Bxg6  1/2-1/2

[Event "ch-AUS 2011-12"]
[Site "North Geelong AUS"]
[Date "2011.12.30"]
[Round "4.11"]
[White "Wallis,C"]
[Black "Chen,Pengyu"]
[Result "1-0"]
[WhiteElo "2268"]
[BlackElo "2094"]

1.d4 Nf6 2.c4 e6 3.g3 c5 4.d5 exd5 5.cxd5 d6 6.Nc3 g6 7.Bg2 Bg7 8.Nf3 O-O
9.O-O Re8 10.Nd2 a6 11.a4 Nbd7 12.h3 Rb8 13.Nc4 Ne5 14.Na3 Nh5 15.e4 Bd7
16.a5 Qxa5 17.g4 Nf6 18.f4 Nexg4 19.hxg4 Nxg4 20.f5 h5 21.Qf3 Bd4+ 22.Kh1 Qd8
23.Qg3 b5 24.Nc2 Be5 25.Bf4 b4 26.fxg6 fxg6 27.Ne2 Rb7 28.Bxe5 Nxe5 29.Bh3 Bb5
30.Rf2 Bd3 31.Nf4 Bxe4+ 32.Bg2 h4 33.Qh3 Bf5 34.Qb3 Ng4 35.Rff1 Rbe7 36.Ne6 Qb6
37.Ne3 c4 38.Nxc4 Nf2+ 39.Kg1 Nh3+ 40.Kh2 Qb5 41.Ra5 Qb8 42.Bxh3 Rxe6 43.Bxf5 Re2+
44.Kh1 gxf5 45.Rg1+ Kf8 46.Qf3 Qc8 47.Nxd6 Qc2 48.Qf4 R8e6 49.Rxa6 Qb3 50.Qxf5+  1-0

[Event "ch-AUS 2011-12"]
[Site "North Geelong AUS"]
[Date "2011.12.31"]
[Round "5.15"]
[White "Zelesco,Karl"]
[Black "Chen,Pengyu"]
[Result "1-0"]
[WhiteElo "1976"]
[BlackElo "2094"]

1.d4 Nf6 2.c4 e6 3.g3 c5 4.d5 exd5 5.cxd5 d6 6.Nc3 g6 7.Bg2 Bg7 8.Nf3 O-O
9.O-O Re8 10.Nd2 a6 11.a4 Nbd7 12.h3 Rb8 13.Nc4 Ne5 14.Na3 Nh5 15.e4 Bd7
16.a5 Qxa5 17.g4 Nf6 18.f4 Nexg4 19.hxg4 Nxg4 20.f5 h5 21.Bg5 c4 22.Kh1 Qc5
23.f6 Bh8 24.Qf3 b5 25.Nc2 b4 26.Ne2 a5 27.Ne3 c3 28.bxc3 b3 29.Nd1 a4 30.Bc1 Qc7
31.Bb2 Bb5 32.Ne3 Ne5 33.Qg3 Bxe2 34.Rf2 Bg4 35.c4 Qd7 36.c5 Ra8 37.c6 Qc7
38.Bxe5 Rxe5 39.Nc4 Ree8 40.Qxd6 Qxd6 41.Nxd6 Reb8 42.Nc4 Rb4 43.Bf1 Kf8
44.d6 b2 45.Nxb2 Rxb2 46.Rxb2 Bxf6 47.Rba2 Bxa1 48.Rxa1 Ke8 49.Bb5 Kd8 50.Kg2 a3
51.c7+ Kc8 52.Bc6 Ra6 53.Rc1 Rxc6 54.Rxc6 a2 55.Ra6 Kd7 56.e5 Be6 57.Kg3 Bd5
58.Kh4 Kc8 59.Kg5 Kb7 60.Ra3 Be6 61.Kf6  1-0

[Event "24th Staufer-Open"]
[Site "Schwaebisch Gmuend GER"]
[Date "2012.01.03"]
[Round "3"]
[White "Sokratov,S"]
[Black "Dgebuadze,A"]
[Result "0-1"]
[WhiteElo "2208"]
[BlackElo "2551"]

1.d4 Nf6 2.c4 e6 3.g3 c5 4.d5 exd5 5.cxd5 Bd6 6.Nc3 O-O 7.Bg2 Re8 8.Nf3 a6
9.a4 Bc7 10.d6 Ba5 11.Nd2 Nc6 12.O-O Rb8 13.e4 b5 14.axb5 axb5 15.f4 h6 16.e5 Nh7
17.Nd5 c4 18.Ne4 Bb7 19.Qg4 Kh8 20.Nc5 Nf8 21.Qf5 Bb6 22.Be3 Kg8 23.Rae1 Ba8
24.Na6 Bxe3+ 25.Rxe3 Nd4 26.Ne7+ Qxe7 27.dxe7 Nxf5 28.exf8=Q+ Rxf8 29.Ree1 Bxg2
30.Kxg2 Ra8 31.Nc5 d6 32.g4 Nh4+ 33.Kh3 dxc5 34.Kxh4 Ra2 35.f5 Rxb2 36.h3 c3
37.e6 fxe6 38.Rxe6 c2 39.Ra1 Rb1 40.Re1 Rxa1 41.Rxa1 b4  0-1

[Event "TCh-CZE Extraliga 2011-12"]
[Site "Czech Republic CZE"]
[Date "2012.01.08"]
[Round "6.5"]
[White "Rojicek,V"]
[Black "Bures,J"]
[Result "0-1"]
[WhiteElo "2406"]
[BlackElo "2415"]

1.d4 Nf6 2.c4 e6 3.g3 c5 4.d5 exd5 5.cxd5 b5 6.e4 Nxe4 7.Qe2 Qe7 8.Bg2 f5
9.Nh3 b4 10.O-O Ba6 11.Qc2 Bxf1 12.Kxf1 h6 13.Nd2 Nd6 14.Nb3 Qf6 15.Nxc5 Be7
16.Ne6 Kf7 17.Be3 Rc8 18.Qe2 Nc6 19.dxc6 dxe6 20.Nf4 Ne4 21.f3 Nc5 22.Qc4 Rxc6
23.Bd4 Qg5 24.Re1 Rac8 25.Bxc5 Rxc5 26.Qxe6+ Ke8 27.Qg8+ Kd7 28.Qe6+ Ke8
29.Qg8+ Kd7 30.Rd1+ Kc7 31.Nd5+ Kb8 32.Qe6 Rc1 33.Qe5+ Kb7 34.f4 Rxd1+ 35.Ke2 Qh5+
36.Bf3 Re1+ 37.Kxe1 Qxf3 38.Qxe7+ Kb8 39.Qxb4+ Ka8 40.Nc3 Re8+ 41.Kd2 Qf2+
42.Kd3 Rd8+ 43.Qd4 Qxd4+  0-1

[Event "37th Seville Open"]
[Site "Seville ESP"]
[Date "2012.01.13"]
[Round "7"]
[White "Melero Fidalgo,J"]
[Black "Teran Alvarez,I"]
[Result "1/2-1/2"]
[WhiteElo "2251"]
[BlackElo "2422"]

1.d4 e6 2.c4 Nf6 3.g3 c5 4.d5 exd5 5.cxd5 d6 6.Nc3 g6 7.Bg2 Bg7 8.Nf3 O-O
9.O-O Re8 10.Nd2 a6 11.a4 Nbd7 12.h3 Qc7 13.Nc4 Ne5 14.Nxe5 Rxe5 15.Re1 Rb8
16.Bf4 Re8 17.Rc1 Nh5 18.Bd2 Qe7 19.e4 Be5 20.Kh2  1/2-1/2

[Event "TCh-AUT 2 Ost 2011-12"]
[Site "Vienna AUT"]
[Date "2012.01.14"]
[Round "5"]
[White "Loeffler,S"]
[Black "Neumeier,K"]
[Result "1-0"]
[WhiteElo "2424"]
[BlackElo "2293"]

1.d4 Nf6 2.c4 e6 3.g3 c5 4.Nf3 cxd4 5.Nxd4 d5 6.Bg2 e5 7.Nb3 d4 8.O-O Nc6
9.f4 e4 10.f5 Be7 11.e3 dxe3 12.Qxd8+ Bxd8 13.Bxe3 O-O 14.Nc3 Re8 15.Rae1 Nb4
16.Re2 Bd7 17.Bd4 Bc6 18.Nd2 Nc2 19.Bc5 Rc8 20.Rc1 e3 21.Nb3 Bxg2 22.Kxg2 Rxc5
23.Nxc5 Nd4 24.Nxb7 Bc7 25.c5 Nxe2 26.Nxe2 Re5 27.Nd4 Rd5 28.Rc4 Ng4 29.Ra4 h5
30.Kf3 Nxh2+ 31.Kxe3 Nf1+ 32.Ke4 Re5+ 33.Kf3 Nh2+ 34.Kg2 Ng4 35.Rxa7 Re4
36.Ra4 Be5 37.c6 Re3 38.Ra3 Re4 39.Rd3 Bc7 40.Nc5 Re7 41.Nd7 Re1 42.b4 Rb1
43.Nb3 Rb2+ 44.Rd2 Rxd2+ 45.Nxd2 Ne3+ 46.Kh3 Nxf5 47.b5 g5 48.b6 g4+ 49.Kg2 Bxg3
50.c7  1-0

[Event "TCh-BEL 2011-12"]
[Site "Belgium BEL"]
[Date "2012.01.15"]
[Round "6.2"]
[White "Docx,S"]
[Black "Dambacher,M"]
[Result "0-1"]
[WhiteElo "2328"]
[BlackElo "2496"]

1.d4 Nf6 2.c4 e6 3.g3 c5 4.d5 exd5 5.cxd5 d6 6.Nc3 g6 7.Bg2 Bg7 8.Nf3 O-O
9.O-O a6 10.a4 Re8 11.Bf4 Qe7 12.Re1 Nbd7 13.h3 Rb8 14.e4 Nh5 15.Bg5 Qf8
16.g4 h6 17.Be3 Nhf6 18.Bf4 Nh7 19.Qd3 g5 20.Bd2 Ne5 21.Nxe5 Bxe5 22.Rab1 b5
23.b4 c4 24.Qe3 Qg7 25.axb5 axb5 26.Ra1 Nf8 27.Ra5 Bd7 28.Ne2 Ng6 29.Bc3 Bxc3
30.Qxc3 Qxc3 31.Nxc3 Ne5 32.Ra7 Kf8 33.Rea1 Ke7 34.Bf1 Rb6 35.Be2 Reb8 36.f3 R6b7
37.Kf2 Kd8 38.Ke3 Kc7 39.R7a5 Ng6 40.Bd1 Nf4 41.Bc2 Rh8 42.Ra8 Rhb8 43.R8a5 h5
44.gxh5 Rh8 45.Ra8 Rxh5 46.e5 Rxh3 47.exd6+ Kxd6 48.R1a6+ Ke5 49.d6 Rh2 50.Be4 f5
51.Bxf5 Kxf5 52.Ne4 Ke5  0-1

[Event "TCh-CZE Liga 1 Zapad"]
[Site "Czech Rep CZE"]
[Date "2012.01.15"]
[Round "6.6"]
[White "Balacek,T"]
[Black "Cuhra,M"]
[Result "1/2-1/2"]
[WhiteElo "2245"]
[BlackElo "2169"]

1.d4 Nf6 2.c4 e6 3.g3 c5 4.Nf3 cxd4 5.Nxd4 Bb4+ 6.Nc3 Ne4 7.Qd3 Qa5 8.Nb5 Nxc3
9.bxc3 Be7 10.Bf4 O-O 11.Nc7 e5 12.Nd5 Bd6 13.Be3 Nc6 14.Bh3 Bc5 15.O-O d6
16.Bg2 Rb8 17.Rab1 Qd8 18.Nb4 Nxb4 19.cxb4 Bxe3 20.Qxe3 Be6 21.Rbc1 b6 22.Rfd1 Qe7
23.Bd5 Rfd8 24.Qd3 g6 25.e4 Kg7 26.Kg2  1/2-1/2

[Event "10th Parsvnath Open"]
[Site "New Delhi IND"]
[Date "2012.01.17"]
[Round "4"]
[White "Singh,Ar"]
[Black "Oleksienko,M"]
[Result "1/2-1/2"]
[WhiteElo "2096"]
[BlackElo "2563"]

1.d4 Nf6 2.c4 e6 3.g3 c5 4.Nf3 cxd4 5.Nxd4 Nc6 6.Bg2 Qb6 7.Nb3 Bb4+ 8.Nc3 Ne5
9.Be3 Qc7 10.c5 Nc4 11.Qd4 Nxe3 12.Qxe3 Rb8 13.O-O Bxc3 14.Qxc3 b6 15.Rac1 bxc5
16.Qxc5 Qxc5 17.Nxc5 Ke7 18.b3 a5 19.Rfd1 d6 20.Nd3 Bd7 21.Rc7 Rhc8 22.Ra7 a4
23.bxa4 Ke8 24.a5 d5 25.e3 Ra8 26.Rxa8 Rxa8 27.e4 Rxa5 28.exd5 Nxd5 29.Ne5 Ba4
30.Rd2 Ke7 31.f4 f6 32.Nc4 Rc5 33.Bxd5 exd5 34.Ne3 Ke6 35.Kf2 h5 36.Rd4 Bc6
37.Rd2 g5 38.fxg5 fxg5 39.Rc2 Rxc2+ 40.Nxc2 Ba4 41.Nd4+ Ke5 42.Ke3 Bd1 43.a3 Ba4
44.Kd3 Be8  1/2-1/2

[Event "10th Parsvnath Open"]
[Site "New Delhi IND"]
[Date "2012.01.18"]
[Round "6"]
[White "Harikrishna. S. R."]
[Black "Praveen Kumar,C1"]
[Result "1/2-1/2"]
[WhiteElo "1960"]
[BlackElo "2338"]

1.d4 e6 2.c4 Nf6 3.g3 c5 4.d5 exd5 5.cxd5 d6 6.Bg2 g6 7.Nc3 Bg7 8.Nf3 O-O
9.O-O a6 10.a4 Nbd7 11.h3 Re8 12.Nd2 Rb8 13.Nc4 Ne5 14.Na3 Nh5 15.e4 Bd7
16.a5 Qxa5 17.g4 Nf6 18.g5 Nh5 19.f4 Nc4 20.Nxc4 Qxa1 21.Nxd6 Bxc3 22.bxc3 Qxc3
23.Rf3 Qd4+ 24.Qxd4 cxd4 25.Bb2 d3 26.Rxd3 Rec8 27.Nxc8 Rxc8 28.Be5 Rc1+
29.Kf2 Rc2+ 30.Kf3 a5  1/2-1/2

[Event "TCh-BEL 2011-12"]
[Site "Eupen BEL"]
[Date "2012.01.29"]
[Round "7.4"]
[White "Winants,L"]
[Black "Feygin,M"]
[Result "1-0"]
[WhiteElo "2540"]
[BlackElo "2521"]

1.d4 e6 2.c4 Nf6 3.g3 c5 4.Nf3 cxd4 5.Nxd4 d5 6.Bg2 e5 7.Nb3 Bb4+ 8.Bd2 Be7
9.cxd5 Nxd5 10.Nc3 Nb4 11.O-O O-O 12.a3 N4c6 13.Nd5 Be6 14.Bc3 Nd7 15.Rc1 Rc8
16.Na5 Bxd5 17.Qxd5 Nxa5 18.Bxa5 b6 19.Rxc8 Qxc8 20.Bc3 Rd8 21.Qa2 Qc7 22.Bd5 Rf8
23.Qc4 Qxc4 24.Bxc4 Rc8 25.Rd1 Rc7 26.a4 Nf6 27.Bb5 Rc5 28.e4 g5 29.f3 g4
30.Kg2 h5 31.h3 Kg7 32.Bd3 Kf8 33.Rf1 gxh3+ 34.Kxh3 a5 35.Rd1 Bd6 36.Bc2 Ke7
37.Bb3 Rc6 38.Kh4 Bb8 39.Bd2 Bd6 40.Bg5 Bb4 41.Rc1 Rxc1 42.Bxc1 Nd7 43.Kxh5 Be1
44.Kg4 Nc5 45.Bc2 Ne6 46.Be3 Nd4 47.Bxd4 exd4 48.e5 d3 49.Bxd3 Bf2 50.f4 Bd4
51.b3 Bf2 52.Kf3 Be1 53.Bc4 Bb4 54.g4 Ba3 55.Ke4 Bb4 56.f5 f6 57.g5  1-0

[Event "TCh-ISR 2011-12"]
[Site "Israel ISR"]
[Date "2012.02.03"]
[Round "7.1"]
[White "Porat,S"]
[Black "Gershon,A"]
[Result "1-0"]
[WhiteElo "2490"]
[BlackElo "2499"]

1.d4 Nf6 2.c4 e6 3.g3 c5 4.d5 exd5 5.cxd5 b5 6.Nf3 d6 7.e4 Qa5+ 8.Nbd2 Ba6
9.a4 Be7 10.b4 cxb4 11.Bb2 Qb6 12.Nd4 O-O 13.Bxb5 Bxb5 14.axb5 Nfd7 15.Nc4 Qc7
16.Rc1 Bf6 17.O-O Nc5 18.Nxd6 Nbd7 19.N6f5 Qb6 20.Qc2 Rfe8 21.Rfe1 a5 22.Nc6 b3
23.Qb1 a4 24.Ba3 Nb7 25.Qd3 Ne5 26.Qe2 g6 27.Nxe5 Bxe5 28.Nh6+ Kg7 29.Ng4 Bd4
30.Qd2 h5 31.Rc6 hxg4 32.Rxb6 Bxb6 33.Qc3+  1-0

[Event "Moscow Open 2012 A"]
[Site "Moscow RUS"]
[Date "2012.02.04"]
[Round "8.43"]
[White "Seliverstov,Vl"]
[Black "Looshnikov,N"]
[Result "1/2-1/2"]
[WhiteElo "2355"]
[BlackElo "2497"]

1.d4 Nf6 2.c4 e6 3.g3 c5 4.d5 exd5 5.cxd5 b5 6.Nf3 Bb7 7.e4 Nxe4 8.Bg2 Be7
9.O-O O-O 10.Re1 Nd6 11.Bf4 Na6 12.Nc3 b4 13.Na4 Rc8 14.Rc1 Re8 15.Bh3 Bf8
16.Ne5 Re7 17.Qg4 Bxd5 18.Qd1 Bc6 19.Qxd6 Rxe5 20.Qxe5 Bxa4 21.Bg2 Nc7 22.b3 Bb5
23.Rcd1 Ne6 24.Bd5 Qb6 25.Bc1 Be7 26.Qf5 g6 27.Qf3 Bf8 28.Bb2 Bg7 29.Bxg7 Kxg7
30.h4 Rf8 31.h5 Nd4 32.Qf4 h6 33.hxg6 Qxg6 34.Be4 Qg5 35.Qd6 Re8 36.Bd5 Be2
37.Qxd7 Re7 38.Qd6 Nf5 39.Qxc5 Bxd1 40.Rxd1 a5 41.Bf3 Qf6 42.Kg2 Re5 43.Rd5 Rxd5
44.Qxd5 Qg5 45.Qe5+ Kf8 46.Kf1 Qc1+ 47.Kg2 Qg5 48.Kh3 Ne7 49.Qxg5 hxg5 50.Kg4 f6
51.Bb7 Kf7 52.Kf3 Ke6 53.Ke4 Kd6 54.Kd4 Ng6 55.Kc4 Ne5+ 56.Kb5 Nd3 57.f3 Nc1
58.Kxa5 Kc5 59.f4 gxf4 60.gxf4 Nxa2 61.Bc8 Nc3 62.f5 Ne2 63.Be6 Nd4 64.Ka4 Nc2
65.Ka5 Kd4 66.Kb5 Kc3 67.Kc5 Nd4 68.Kd6 Nxb3 69.Ke7 Nd4  1/2-1/2

[Event "ch-ROU Women 2012"]
[Site "Sarata Monteoru ROU"]
[Date "2012.02.17"]
[Round "5.5"]
[White "Dragomirescu,An"]
[Black "Padurariu,I"]
[Result "1-0"]
[WhiteElo "2240"]
[BlackElo "2247"]

1.d4 Nf6 2.c4 e6 3.g3 c5 4.d5 exd5 5.cxd5 d6 6.Nc3 g6 7.Bg2 Bg7 8.Nf3 O-O
9.O-O a6 10.a4 Re8 11.Bf4 Ne4 12.Nxe4 Rxe4 13.Nd2 Rb4 14.Ra2 f5 15.e4 Qf8
16.b3 Nd7 17.exf5 gxf5 18.Nc4 Ne5 19.Qc2 Nxc4 20.bxc4 Bd7 21.Bd2 a5 22.Bxb4 axb4
23.Re1 Bc3 24.Re3 Bd4 25.Re1 Qf6 26.Bf1 f4 27.Bd3 Kh8 28.Qd1 fxg3 29.hxg3 Rg8
30.Kg2 Bg4 31.Rh1 h6 32.f3 Bd7 33.Rh5 Be5 34.g4 Qf4 35.Qh1 Kg7 36.Re2 Qg3+
37.Kf1 Rf8 38.Bf5 Rf6 39.Re4 b3 40.Qg2 b2 41.Qxg3 b1=Q+ 42.Qe1 Qd3+ 43.Qe2 Qb1+
44.Kg2 Bxf5 45.gxf5 Rf7 46.Qd2 Kf8 47.Rxh6 Rg7+ 48.Rg6 Rh7 49.Rh6 Rg7+ 50.Rg4 Rxg4+
51.fxg4 Qe4+ 52.Kf1 Qf3+ 53.Qf2 Qd1+ 54.Qe1 Qxg4 55.Rh4 Qf3+ 56.Qf2 Qd1+
57.Kg2 Bd4 58.Qf4 Qg1+ 59.Kh3 Qh1+ 60.Kg4 Qg2+ 61.Kh5 Qe2+ 62.Qg4 Qxc4 63.Qe4 Qf1
64.Qe6 Bg7 65.Qxd6+ Kg8 66.Qe6+ Kf8 67.Qc8+ Kf7 68.Qxb7+ Kf8 69.Qc8+ Kf7
70.Qd7+ Kf8 71.Qd6+ Kg8 72.Qe6+ Kf8 73.Qe3 Qxf5+ 74.Qg5 Qf3+ 75.Rg4 Qf7+
76.Qg6 Qxd5+ 77.Qg5 Qf7+ 78.Qg6 Qd5+ 79.Kh4 Qh1+ 80.Kg5 Qc1+ 81.Rf4+ Kg8
82.Qe8+ Kh7 83.Qe4+ Kh8 84.Kg6 Qg1+ 85.Rg4 Qf2 86.Rh4+ Kg8 87.Qe8+  1-0

[Event "2nd HD Bank Cup 2012"]
[Site "Ho Chi Minh City VIE"]
[Date "2012.03.03"]
[Round "3.9"]
[White "Tu Hoang Thong"]
[Black "Cao,S"]
[Result "1/2-1/2"]
[WhiteElo "2416"]
[BlackElo "2526"]

1.d4 e6 2.c4 Nf6 3.g3 c5 4.Nf3 cxd4 5.Nxd4 Qc7 6.Nc3 a6 7.b3 d5 8.Bg2 e5
9.Nc2 dxc4 10.bxc4 Qxc4 11.Bd2 Qc7 12.O-O Be7 13.Ne3 Be6 14.Qa4+ Nc6 15.Ncd5 Nxd5
16.Nxd5 Bxd5 17.Bxd5 O-O 18.Rfc1 Qd7 19.Bxc6 bxc6 20.Be3 Rfc8 21.Rab1 h6
22.Rb6 a5 23.Rbxc6 Rxc6 24.Qxc6 Qxc6 25.Rxc6 Rd8 26.Kg2 Bb4 27.Ra6 Rd5 28.g4 Rd1
29.a3 Bxa3 30.Rxa5 Bb2  1/2-1/2

[Event "32nd TCh-IND 2012"]
[Site "Panaji IND"]
[Date "2012.03.03"]
[Round "8"]
[White "Praveen Kumar,C1"]
[Black "Kamble,V"]
[Result "1-0"]
[WhiteElo "2338"]
[BlackElo "2458"]

1.d4 Nf6 2.c4 e6 3.g3 c5 4.d5 exd5 5.cxd5 b5 6.e4 Nxe4 7.Qe2 Qe7 8.Bg2 Nd6
9.Be3 Na6 10.Nc3 Rb8 11.a4 bxa4 12.Rxa4 c4 13.Nh3 Rb4 14.Ra2 g6 15.O-O Bg7
16.Rfa1 O-O 17.Rxa6 Bxa6 18.Rxa6 Nf5 19.d6 Qe5 20.Nf4 Nxe3 21.fxe3 Rfb8 22.Nd1 Rxb2
23.Nxb2 Rxb2 24.Qf3 c3 25.Nd5 Bh6 26.Ra1 c2 27.Rf1 Rb1 28.Ne7+ Kh8 29.Qa8+  1-0

[Event "PriFO Champ RUS 2012"]
[Site "Tolyatti RUS"]
[Date "2012.03.06"]
[Round "9.15"]
[White "Sharafiev,A"]
[Black "Derbenev,A"]
[Result "1-0"]
[WhiteElo "2443"]
[BlackElo "2345"]

1.d4 Nf6 2.c4 e6 3.g3 c5 4.d5 exd5 5.cxd5 d6 6.Nc3 g6 7.Bg2 Bg7 8.Nf3 O-O
9.O-O Na6 10.h3 Re8 11.Nd2 Rb8 12.a4 Nb4 13.Nc4 Bf5 14.Bf4 Bf8 15.Rc1 Be4
16.Nxe4 Nxe4 17.Nd2 Nf6 18.Nc4 b6 19.Re1 a6 20.Ra1 Ra8 21.e4 Nh5 22.Bc1 b5
23.axb5 axb5 24.Rxa8 Qxa8 25.Na3 Qb8 26.Bf1 c4 27.b3 Nf6 28.Qf3 Nbxd5 29.bxc4 bxc4
30.Re2 Nb4 31.Qxf6 Nd3 32.Qc3 d5 33.exd5 Rxe2 34.Bxe2 Bc5 35.Kf1 Bxf2 36.Bxd3 Qxg3
37.Nxc4 Bc5 38.Ke2 Qf2+ 39.Kd1 Bd4 40.Qa5 Qf3+ 41.Kc2 Qxh3 42.d6 Kg7 43.Qd5 Qh2+
44.Bd2 Bf6 45.d7 Bd8 46.Nd6 Qf2 47.Qe5+ f6 48.Qd5  1-0

[Event "European Ind w Rapid 2012"]
[Site "Gaziantep TUR"]
[Date "2012.03.15"]
[Round "10"]
[White "Goryachkina,A"]
[Black "Videnova,I"]
[Result "1-0"]
[WhiteElo "2341"]
[BlackElo "2301"]

1.d4 Nf6 2.c4 e6 3.g3 c5 4.d5 exd5 5.cxd5 b5 6.e4 Nxe4 7.Bg2 Qe7 8.Qe2 Nd6
9.Be3 Na6 10.Nh3 g6 11.Nc3 b4 12.Na4 c4 13.Bd4 Rg8 14.Be3 f5 15.O-O Bh6 16.Rfe1 Bxe3
17.Qc2 Kd8 18.Rxe3 Qf6 19.Rae1 Rb8 20.Bf1 Bb7 21.Bxc4 Rc8 22.b3 Nxc4 23.bxc4 Bxd5
24.Qd2 Bxc4 25.Nf4 Rc6 26.Rd1 Rg7 27.Nb2 Bg8 28.Nbd3 Rc3 29.Rde1 Kc7 30.Nxb4 Nxb4
31.Rxc3+ Nc6 32.Rcc1 Kd8 33.Nd5 Qd4 34.Qg5+ Kc8 35.Ne7+ Kb7 36.Nxc6 dxc6
37.Rb1+ Ka6 38.Re3 Qc5 39.Qf6 Rd7 40.Qxc6+  1-0

[Event "e2e4 High Wycombe Open"]
[Site "High Wycombe ENG"]
[Date "2012.03.18"]
[Round "4"]
[White "Hamitevici,V"]
[Black "Spence,D"]
[Result "1/2-1/2"]
[WhiteElo "2436"]
[BlackElo "2221"]

1.d4 e6 2.c4 Nf6 3.g3 c5 4.Nf3 cxd4 5.Nxd4 d5 6.Bg2 e5 7.Nb3 d4 8.f4 exf4
9.Bxf4 Nc6 10.O-O Be6 11.N1d2 d3 12.Rc1 Be7 13.e3 h6 14.Ne4 g5 15.Bc7 Qxc7
16.Nxf6+ Bxf6 17.Rxf6 Qe5 18.Bxc6+ bxc6 19.Qf3 Rd8 20.Rf1 O-O 21.Nd4 Rxd4
22.exd4 Qxd4+ 23.Qf2 Rd8 24.Qxd4 Rxd4 25.Rd1 Kg7 26.Rf3 Bxc4 27.b3 Bb5 28.Rf2 a5
29.a4 Ba6 30.Rf5 Bc8 31.Rf3 Ba6 32.Rf5  1/2-1/2